000 00454nam a2200169Ia 4500
003 GCL
008 140319s9999 xx 000 0 ara d
040 _aGCL /
_cGCL
082 0 4 _a323.1
_bع ل
100 1 _aعادل المعلم
245 1 0 _aلماذا لاتحبوننا ? ثرثرة مع يهود /
_cعادل المعلم
300 _a93 ص
490 _a100 قصة
_v0
650 0 4 _aالسياسة
650 0 4 _aاليهود
942 _2ddc
_cBK
999 _c45046
_d45046